| 000 | 00530nam a2200217Ia 4500 | ||
|---|---|---|---|
| 003 | OSt | ||
| 005 | 20140313142348.0 | ||
| 008 | 140130s9999 xx 000 0 und d | ||
| 020 | _a0439326494 | ||
| 050 |
_aPZ 7 _b.R982Ca 2002 |
||
| 100 | _aRylant, Cynthia | ||
| 245 |
_aCase of the Puzzling possum / _cCynthia Rylant. |
||
| 260 |
_bScholastic, _c2002. _aNew York : |
||
| 300 |
_a48 p. : _bcol. ill. ; _c24 cm. |
||
| 440 | _v1 | ||
| 521 | _aG1 | ||
| 526 | _c210 | ||
| 942 |
_cBK _2lcc |
||
| 999 |
_c39959 _d39959 |
||